| 000 | 00766nam a2200241 i 4500 | ||
|---|---|---|---|
| 001 | 14310 | ||
| 003 | ES-MaACL | ||
| 005 | 20250828011132.0 | ||
| 007 | t| | ||
| 008 | 981209s1997 sp ||||1| spa d | ||
| 020 | _a84-87169-97-X | ||
| 080 | _a9.460"1936/1939" | ||
| 100 | 1 |
_aOlaya Morales, Francisco _986678 |
|
| 245 | 1 | 3 |
_aEl oro de Negrín / _cFrancisco Olaya Morales. |
| 250 | _a2ª ed. corr. y aum. | ||
| 260 |
_aMadrid : _bNossa y J., _c[1997] |
||
| 300 |
_a561 p. ; _c21 cm. |
||
| 490 | 1 |
_aMadre Tierra ; _v14 |
|
| 651 | 4 |
_aEspaña- _xHistoria- _y1936-1939, Guerra civil. _98292 |
|
| 830 | 0 | 0 |
_aMadre tierra (Nossa y Jara) _v14 _9179402 |
| 852 |
_aES-MaACL _jL-21559 _bR.126727 _q. - Ded. autógr. del autor |
||
| 999 |
_c14310 _d14310 |
||